Series of things #3 - Statistics

General Stats
  • This quiz has been taken 711 times
  • The average score is 8 of 22
Answer Stats
Hint Answer % Correct
Solid, Liquid ... Gas
95%
Chemistry, Physics ... Biology
76%
Decade, Century ... Millenium
75%
2048, 4096 ... 8192
65%
Veni, Vidi ... Vici
64%
Orange, Purple ... Green
63%
Chamber of Secrets, Prisoner of azkaban ... Goblet of Fire
54%
1p coin, 2p coin ... 5p coin
45%
V, X ... L
44%
Ohio, Oregon ... Oklahoma
44%
Lyndon B. Johnson, Richard Nixon ... Gerald Ford
32%
Catherine of Aragon, Anne Boleyn ... Jane Seymour
27%
Cretaceous, Jurassic ... Triassic
25%
Fluorine, Chlorine ... Bromine
24%
Adenine, thymine ... Cytosine/Guanine
21%
Brahma, Vishnu ... Shiva
21%
Visible light, Ultraviolet ... X-ray
20%
Leg stump, Middle stump ... Off Stump
12%
Renaissance, Baroque ... Classical
11%
Scrum Half, Fly Half ... Centre
9%
Oslo, Ottawa ... (capital cities) Ouagadougou
4%
à gauche, à droite ... tout droit
4%
No matching quizzes found
Score Distribution
Percent of People with Each Score
Percentile by Number Answered
Your Score History
You have not taken this quiz